000 01179nam a2200241Ia 4500
999 _c38319
_d38319
001 4329
003 GE_BSU
005 20191008171935.0
008 181216s1972||||ge |||||||||||||| ||geo||
040 _cGE_BSU
041 _ageo
080 _a821.353.1–91–1 ქ–27
245 _aქართული ხალხური პოეზია :
_b ტ. 1, ნაკვ. 2. მითოლოგიური ლექსები /
_c ტომის შემდგ.: მიხ. ჩიქოვანი და ნ. შამანაძე.
264 _a თბ. :
_bმეცნიერება,
_c1973.
300 _a446 გვ. :
_b22 სმ.
501 _a ლექსიკონი და საძიებლები გვ. 401-441.
653 _aქართული ხალხური პოეზია
653 _aმითოლოგიური ლექსები
700 _aვირსალაძე, ე.
_eრედაქტორი
_94635
700 _aსიხარულიძე, ქ.
_eრედაქტორი
_94124
700 _aჩიქოვანი, მ.
_eრედაქტორი
_94636
942 _cBK
_2udc